|
|
|
|
| LEADER |
01695nam a2200325 4500 |
| 001 |
32900 |
| 003 |
BD-DhAAL |
| 005 |
20180508103741.0 |
| 008 |
180329t2017 bg a|||| b||| 001 0dben d |
| 999 |
|
|
|c 39170
|d 39170
|
| 020 |
|
|
|a 9789847763736 (vol-ll)
|
| 020 |
|
|
|a 9789847763781 (set)
|
| 040 |
|
|
|a BD-DhAAL
|d BD-DhAAL
|
| 041 |
|
|
|a BEN
|
| 082 |
|
|
|a 891.44
|2 21
|
| 100 |
|
|
|a দাশ, জীবনানন্দ
|9 25278
|
| 245 |
|
|
|a জীবনানন্দ-রচনাবলী :
|n দ্বিতীয় খন্ড
|c জীবনানন্দ দাশ,
|
| 246 |
|
|
|a Jibanananda-rachanabali vol-II :
|b A compilation of literary works of jibanananda das
|
| 260 |
|
|
|a ঢাকা :
|b ঐতিহ্য,
|c c২০১৭
|
| 300 |
|
|
|a ৬৯৬ পৃষ্ঠা ;
|b চিত্র ;
|c ২১ সে. মি.
|
| 362 |
|
|
|a দ্বিতীয় খন্ড
|
| 504 |
|
|
|6 বিবলিওগ্রাফী ও ইনডেক্স অন্তর্ভূক্ত
|
| 526 |
|
|
|a OCA
|
| 541 |
|
|
|a Office of Co-Curricular Activities
|e 32900,32960
|
| 600 |
|
|
|a দাশ, জীবনানন্দ
|d ১৮৯৯-১৯৫৪.
|9 25420
|
| 650 |
|
|
|a Bengeli literature
|9 25436
|
| 852 |
|
|
|a Ayesha Abed Library
|c General Stacks
|
| 942 |
|
|
|2 ddc
|c BK
|
| 952 |
|
|
|0 0
|1 0
|2 ddc
|4 0
|6 891_440000000000000_DAS
|7 0
|9 63007
|a BRACUL
|b BRACUL
|c GEN
|d 2018-03-29
|e Office of Co-Curricular Activities
|g 750.00
|l 2
|m 17
|o 891.44 DAS
|p 3010032900
|q 2025-12-08
|r 2023-06-07
|s 2023-06-07
|t 2
|v 750.00
|w 2018-03-29
|y BK
|
| 952 |
|
|
|0 0
|1 0
|2 ddc
|4 0
|6 891_440000000000000_DAS
|7 0
|9 63121
|a BRACUL
|b BRACUL
|c GEN
|d 2018-04-11
|e Oitijjhya
|g 750.00
|l 10
|m 95
|o 891.44 DAS
|p 3010032960
|r 2025-09-22
|s 2025-09-21
|t 2
|v 750.00
|w 2018-04-11
|y BK
|